000 01203cam a2200157 4500500
005 20260201072955.0
041 _afre
042 _adc
100 1 0 _aOstrowetsky, Sylvia
_eauthor
245 0 0 _aMémoire et histoire : la monumentalisation du ghetto de Varsovie
260 _c2003.
500 _a26
520 _aMemory and History: The Monumentalization of the Warsaw GhettoThe different memorials placed on the site of the former Warsaw Ghetto express in their architectural and sculptural forms the successive historical climates and what the established powers or organisms of preservation and conservation have wished to transmit concerning, on the one hand, the 1943 uprising and the memory of the Jewish-Polish community and, on the other hand, their definition of Nazism. If the first such monument glorifies a whole people, those succeeding it attempt, in addition, to coming closer to a less triumphant type of truth, that of mass extermination and the dehumanization that underlies it.
786 0 _nL'Homme & la Société | 146 | 4 | 2003-02-01 | p. 77-99 | 0018-4306
856 4 1 _uhttps://shs.cairn.info/revue-l-homme-et-la-societe-2002-4-page-77?lang=fr&redirect-ssocas=7080
999 _c1639899
_d1639899